Fighting knives : an illustrated guide to fighting knives and military survival weapons of the world /

Bibliographic Details
Main Author: Stephens, Frederick John, 1945-
Other Authors: Boxall, Michael
Format: Book
Language:English
Published: New York : Arco Pub., [1980]
Subjects:

MARC

Tag First Indicator Second Indicator Subfields
LEADER 00000pam a2200000 a 4500
001 in00000084409
005 20151008061353.0
008 800128s1980 nyua b 00010 engm
010 |a  80010699  
020 |a 0668049553 :  |c $14.95 
035 |a (OCoLC)06016359 
035 |9 AAJ7910AM 
040 |a DLC  |c DLC  |d m.c.  |d TXA  |d UtOrBLW 
049 |a TXAM  |c [1362341] 
050 0 0 |a TS380  |b .S72 
082 0 |a 623.4/41 
100 1 |a Stephens, Frederick John,  |d 1945- 
245 1 0 |a Fighting knives :  |b an illustrated guide to fighting knives and military survival weapons of the world /  |c Frederick J. Stephens ; [edited by Michael Boxall]. 
264 1 |a New York :  |b Arco Pub.,  |c [1980] 
264 4 |c ©1980 
300 |a 125 pages, 2 unnumbered pages :  |b illustrations ;  |c 25 cm. 
336 |a text  |b txt  |2 rdacontent 
337 |a unmediated  |b n  |2 rdamedia 
338 |a volume  |b nc  |2 rdacarrier 
504 |a Bibliography: page [126]. 
650 0 |a Knives. 
650 0 |a Weapons. 
700 1 |a Boxall, Michael. 
999 |a MARS 
999 f f |s 42d03921-18ce-3873-b940-8c7711948037  |i 5fcaefbb-135d-3745-8a1b-d34c68f0b874  |t 0 
952 f f |p normal  |a Texas A&M University  |b College Station  |c Sterling C. Evans Library  |d Evans: Library Stacks  |t 0  |e TS380 .S72  |h Library of Congress classification  |i unmediated -- volume  |m A14806259010 
998 f f |a TS380 .S72  |t 0  |l Evans: Library Stacks